00369cam a2200145ua 45000010005000000080039000050400009000440820012000532450041000652600043001063000011001496530012001606530018001727000033001905709131008n ii |||gr||||Z||||||asm cMAIN a954.162 aKonwar BidrohcBy Surya Kumar Bhuyan aGuwahatiu:bLawyers Book Stall,c1966. ax,82p. aHistory aKonwar Bidroh aBhuyan,Surya Kumar,eAuthor.